| 000 | 01731nam a2200229Ia 4500 | ||
|---|---|---|---|
| 999 |
_c37633 _d37633 |
||
| 001 | 3605 | ||
| 003 | GE_BSU | ||
| 005 | 20190626205833.0 | ||
| 008 | 181216s2011||||ge |||||||||||||| ||geo|| | ||
| 040 | _cGE_BSU | ||
| 041 | _ageo | ||
| 080 | _a343.137.5+342.726-058.55 ს–80 | ||
| 110 |
_aგაეროს ბავშვთა ფონდის საქართველოს წარმომადგენლობა. _92985 |
||
| 245 |
_aსაერთაშორისო სტანდარტები არასრულწლოოვანთა მართლმსაჯულების სფეროში/ _cგაეროს ბავშვთა ფონდის საქართველოს წარმომადგენლობა. |
||
| 264 |
_a[თბილისი]: _bგაეროს ბავშვთა ფონდი, _c2011. |
||
| 300 |
_a92 გვ. _b29 სმ. |
||
| 505 | _aგაეროს ბავშვის უფლებათა კონვენცია -- გაეროს სახელმძღვანელო პრინციპები არასრულწლოვანთა მიერ ჩადენილ დანაშაულთან დაკავშირებით | ||
| 653 | _aგაეროს ბავშვთა ფონდის საქართველოს წარმომადგენლობა. | ||
| 653 | _aარასრულწლოვანთა მართლმსაჯულება. | ||
| 710 |
_aგაეროს ბავშვთა ფონდის საქართველოს წარმომადგენლობა. _92985 |
||
| 942 |
_cBK _2udc |
||